Game of Thrones Episodes Quiz Stats

Quiz Updated Aug 28, 2017

Challenge
Share
Tweet
Embed
Score 0/67 Timer 07:00
22 Plays Today
Episode # Episode Name % Correct
Season 1Winter Is Coming
89.7%
Season 6Battle of the Bastards
84.2%
Season 7The Dragon and the Wolf
80.6%
Season 7Dragonstone
80.2%
Season 3The Rains of Castamere
80%
Season 2Blackwater
79.5%
Season 6The Winds of Winter
79.1%
Season 1Baelor
78.8%
Season 7Beyond the Wall
77.4%
Season 1The Kingsroad
77%
Season 4The Lion and the Rose
75.8%
Season 5Hardhome
75.5%
Season 7Eastwatch
74%
Season 3Mhysa
72.1%
Season 2Valar Morghulis
71.6%
Season 7The Queen's Justice
71.5%
Season 7The Spoils of War
71.3%
Season 6The Red Woman
71.2%
Season 7Stormborn
70.1%
Season 1Fire and Blood
69.9%
Season 1Cripples, Bastards, and Broken Things
69%
Season 6The Door
68.9%
Season 1Lord Snow
68.8%
Season 5Mother's Mercy
68.6%
Season 4The Mountain and the Viper
68.3%
Season 4The Children
66.5%
Season 5The Dance of Dragons
66.2%
Season 4The Watchers on the Wall
66%
Season 1The Wolf and the Lion
66%
Season 2The North Remembers
65.7%
Season 6No One
65.6%
Season 3Valar Dohaeris
65.6%
Season 4Two Swords
65.1%
Season 1A Golden Crown
64.6%
Episode # Episode Name % Correct
Season 6Oathbreaker
64.6%
Season 6Home
64.5%
Season 4Oathkeeper
64.4%
Season 1The Pointy End
63.9%
Season 3The Climb
61.4%
Season 1You Win or You Die
61.4%
Season 5Unbowed, Unbent, Unbroken
61.3%
Season 3The Bear and the Maiden Fair
60.7%
Season 5The House of Black and White
58.4%
Season 5The Wars to Come
56.7%
Season 5High Sparrow
56.3%
Season 4Mockingbird
56%
Season 6The Broken Man
55.4%
Season 2The Prince of Winterfell
55.4%
Season 5Sons of the Harpy
54.4%
Season 2Garden of Bones
54.4%
Season 2What Is Dead May Never Die
54.3%
Season 6Book of the Stranger
54.2%
Season 2The Ghost of Harrenhal
54%
Season 3And Now His Watch Is Ended
53.4%
Season 3Kissed by Fire
53.3%
Season 4Breaker of Chains
52.7%
Season 4The Laws of Gods and Men
52.5%
Season 6Blood of My Blood
51.9%
Season 4First of His Name
51.7%
Season 3Second Sons
51.4%
Season 5The Gift
51.3%
Season 3Dark Wings, Dark Words
51%
Season 5Kill the Boy
50.5%
Season 2The Night Lands
49%
Season 2A Man Without Honor
47.5%
Season 2The Old Gods and the New
46.8%
Season 3Walk of Punishment
45.1%

You're not logged in!

Compare scores with friends on all Sporcle quizzes.
Sign Up with Email
OR
Log In

You Might Also Like...

Show Comments

Extras

Top Quizzes Today


Score Distribution

Your Account Isn't Verified!

In order to create a playlist on Sporcle, you need to verify the email address you used during registration. Go to your Sporcle Settings to finish the process.